| 000 | 00761nam a2200241Ia 4500 | ||
|---|---|---|---|
| 003 | OSt | ||
| 005 | 20220925185722.0 | ||
| 006 | a|||||r|||| 00| 0 | ||
| 007 | ta | ||
| 008 | 220923b |||||||| |||| 00| 0 eng d | ||
| 037 | _cGeneral Book | ||
| 040 |
_aRTL _cRTL _beng |
||
| 041 |
_2eng _aeng |
||
| 082 | _aU:(G:55), N6 | ||
| 100 |
_aCahn Matthew Alan _9235619 |
||
| 245 | 0 |
_aThinking about the environment _b Readings on politics property and the physical world |
|
| 260 |
_aArmonk _bM E Sharpe _c1996 |
||
| 300 |
_axi,299p. Bib chapterwise _ccm. |
||
| 650 |
_aGeography- Environment _9229896 |
||
| 700 |
_a O' Brien Rory _9235620 |
||
| 942 |
_hU:(G:55), N6 _cGB _2CC |
||
| 999 |
_c511952 _d511952 |
||